Normal view
MARC view
- Richard A. Silverman
Entry Personal Name
001 - CONTROL NUMBER
- control field: 103058
003 - CONTROL NUMBER IDENTIFIER
- control field: NUST
005 - DATE AND TIME OF LATEST TRANSACTION
- control field: 20221118121843.0
008 - FIXED-LENGTH DATA ELEMENTS
- fixed length control field: 221118|| aca||aabn | a|a d
040 ## - CATALOGING SOURCE
- Original cataloging agency: NUST
- Transcribing agency: NUST
100 ## - HEADING--PERSONAL NAME
- Personal name: Richard A. Silverman
670 ## - SOURCE DATA FOUND
- Source citation: Work cat.: (NUST)180704: Silverman, Richard A. 102972, Modern calculus and analytic geometry /, 1969
